Právo nakladať s tovarom ako vlastník (C-401/18; prípad Herst)
Podľ §8 ods.1 písm.a) zákona o DPH je dodaním tovaru prevod práva nakladať s tovarom ako vlastník, ide o prevzatý článok 20 spoločnej eurosmernice 2006/112/ES o DPH. V praxi niekedy vzniká otázka, kedy je moment prechodu vlastníctva k tovaru. Výklad spoločnej eurosmernice o DPH poskytuje Súdny dvor...
Salvato in:
| Autore principale: | |
|---|---|
| Natura: | Capitolo di libro |
| Lingua: | slovacco |
| Soggetti: | |
| Tags: |
Nessun Tag, puoi essere il primo ad aggiungerne!!
|
MARC
| LEADER | 00000naa a2200000 4500 | ||
|---|---|---|---|
| 001 | 0268692 | ||
| 005 | 20200924160042.4 | ||
| 041 | 0 | |a slo | |
| 044 | |a SK | ||
| 245 | 1 | 0 | |a Právo nakladať s tovarom ako vlastník |b (C-401/18; prípad Herst) |c Vladimír Pastierik |
| 520 | |a Podľ §8 ods.1 písm.a) zákona o DPH je dodaním tovaru prevod práva nakladať s tovarom ako vlastník, ide o prevzatý článok 20 spoločnej eurosmernice 2006/112/ES o DPH. V praxi niekedy vzniká otázka, kedy je moment prechodu vlastníctva k tovaru. Výklad spoločnej eurosmernice o DPH poskytuje Súdny dvor EÚ (SDEÚ). Výklad tohto pojmu poskytuje SDEÚ v rozsudku C-401/18 (prípad Herst) | ||
| 610 | 2 | 0 | |a tovar |
| 610 | 2 | 0 | |a dodávky |
| 610 | 2 | 0 | |a dane z hodnoty pridanej |
| 610 | 2 | 0 | |a politika daňová |
| 610 | 2 | 0 | |a vlastníci |
| 610 | 2 | 0 | |a smernice |
| 610 | 2 | 0 | |a Európska únia |
| 100 | 1 | |a Pastierik, Vladimír | |